Droit de la santé (notice n° 2004024)
[ vue normale ]
| 000 -LEADER | |
|---|---|
| fixed length control field | 01022cam a2200157 4500500 |
| 005 - DATE AND TIME OF LATEST TRANSACTION | |
| control field | 20260329051732.0 |
| 041 ## - LANGUAGE CODE | |
| Language code of text/sound track or separate title | fre |
| 042 ## - AUTHENTICATION CODE | |
| Authentication code | dc |
| 100 10 - MAIN ENTRY--PERSONAL NAME | |
| Personal name | Laude, Anne |
| Relator term | author |
| 245 00 - TITLE STATEMENT | |
| Title | Droit de la santé |
| 260 ## - PUBLICATION, DISTRIBUTION, ETC. | |
| Name of publisher, distributor, etc. | Presses Universitaires de France,<br/> |
| Date of publication, distribution, etc. | 2012.<br/> |
| 520 ## - SUMMARY, ETC. | |
| Summary, etc. | Un manuel complet sur ce vaste sujet qu’est le droit de la santé dont les règles s’inscrivent entre droit public et droit privé. Droit mixte donc, ce droit emprunte aux disciplines fondamentales du droit certains des principes qui le structurent, mais il est aussi riche de règles spécifiques, parfois dérogatoires, obéissant à une logique propre aux questions sanitaires. Le droit à la santé est aussi un droit particulier parce qu’il se rapporte à l’individu en tant que personne et à l’organisation sociale générale. |
| 700 10 - ADDED ENTRY--PERSONAL NAME | |
| Personal name | Mathieu, Bertrand |
| Relator term | author |
| 700 10 - ADDED ENTRY--PERSONAL NAME | |
| Personal name | Tabuteau, Didier |
| Relator term | author |
| 856 41 - ELECTRONIC LOCATION AND ACCESS | |
| Uniform Resource Identifier | <a href="https://droit.cairn.info/droit-de-la-sante--9782130593294?lang=fr&redirect-ssocas=7080">https://droit.cairn.info/droit-de-la-sante--9782130593294?lang=fr&redirect-ssocas=7080</a> |
Pas d'exemplaire disponible.




Réseaux sociaux